History Quiz

Random History or Year Quiz

Historical Events of 1969 Quiz Stats

 Plays Quiz Updated Oct 15, 2018

Score 0/28 Timer 08:00
6 Plays Today
Date Answer % Correct
January 20Richard Nixon
91.5%
January 30The Beatles
89.6%
July 20Neil Armstrong
88.2%
August 15Woodstock
86.5%
March 28Dwight D. Eisenhower
84.7%
July 18Ted Kennedy
75.2%
February 9Boeing 747
74.1%
November 10Sesame Street
73.4%
March 10The Godfather
62.4%
February 4Yasser Arafat
61%
January 12New York Jets
60.9%
April 14North Korea
59.3%
October 5Monty Python's Flying Circus
55.2%
April 28Charles de Gaulle
51.5%
Date Answer % Correct
August 9Sharon Tate
51.1%
October 16New York Mets
51%
June 14Steffi Graf
50%
March 17Golda Meir
44%
October 21Jack Kerouac
42.6%
September 2Ho Chi Minh
35.8%
November 17SALT I
31.6%
May 25Midnight Cowboy
26.6%
December 6Altamont Free Concert
21.7%
June 28Stonewall riots
20.2%
June 23Warren E. Burger
18.7%
September 13Shane Warne
8.4%
October 29ARPANET
7.5%
May 10Battle of Hamburger Hill
7.4%

You're not logged in!

Compare scores with friends on all Sporcle quizzes.
OR
Log In

Sporcle TV

Today on Sporcle TV


Watch our educational content, quiz creation guides, and fun videos on Sporcle TV.

Show Comments

Extras

Top Quizzes Today


Score Distribution

Your Account Isn't Verified!

In order to create a playlist on Sporcle, you need to verify the email address you used during registration. Go to your Sporcle Settings to finish the process.

Report this User

Report this user for behavior that violates our Community Guidelines.

Details: